From smart to wise : (Record no. 78799)

MARC details
000 -LEADER
fixed length control field 00919nam a22002537a 4500
005 - DATE AND TIME OF LATEST TRANSACTION
control field 20180307164916.0
010 ## - LCCN (DPL NO)
LC control number BAC-EN21 ENG-108383
020 ## - INTERNATIONAL STANDARD BOOK NUMBER
Terms of availability 499.00
International Standard Book Number 9788184003710
035 ## - SYSTEM CONTROL NUMBER
System control number EN-91916
035 ## - SYSTEM CONTROL NUMBER
System control number B-579525-537
035 ## - SYSTEM CONTROL NUMBER
System control number B-667622
037 ## - SOURCE OF ACQUISITION
Source of stock number/acquisition KKP/Ven
Stock number dpl
037 ## - SOURCE OF ACQUISITION
Source of stock number/acquisition DBAD/PUB
082 ## - DEWEY DECIMAL CLASSIFICATION NUMBER
Classification number 658.4092
100 ## - MAIN ENTRY--PERSONAL NAME
Personal name Kaipa, Prasad
245 00 - TITLE STATEMENT
Title From smart to wise :
Statement of responsibility, etc by Prasad Kaipa [and] Navi Radjou
Remainder of title acting and leading with wisdom /
260 ## - PUBLICATION, DISTRIBUTION, ETC. (IMPRINT)
Place of publication, distribution, etc Noida
Name of publisher, distributor, etc Random House Publishers
Date of publication, distribution, etc 2013
270 ## - ADDRESS
Address Windsor IT Park,7th Floor, Tower-B, A-1, Sector-125
City Noida
Postal code 201301
300 ## - PHYSICAL DESCRIPTION
Extent xix,250p.
Dimensions 22cm(Hb)
700 ## - ADDED ENTRY--PERSONAL NAME
Personal name Radjou, Navi
942 ## - ADDED ENTRY ELEMENTS (KOHA)
Source of classification or shelving scheme Dewey Decimal Classification
Item type English Books
Call number suffix KAI
Classification part 658.4092
Holdings
Withdrawn status Lost status Not for loan Collection code Home library Current library Date acquired Source of acquisition Cost, normal purchase price Full call number Barcode Copy number Cost, replacement price Koha item type
      Non-fiction Ashok Vihar Ashok Vihar 07/03/2018 KKP/274/24.2.2017/420/15.2.2017/17.3.2017 499.00 658.4092 KAI B-667622 1 499.00 English Books
      Non-fiction Bawana Bawana 11/06/2015 KKP/BL160/13.12.2014/175/08.12.2014/18.12.2014 499.00 658.4092 KAI B-579534 1 499.00 English Books
      Non-fiction Bawana Bawana 11/06/2015 KKP/BL160/13.12.2014/175/08.12.2014/18.12.2014 499.00 658.4092 KAI B-579536 1 499.00 English Books
      Non-fiction Central Jail Tihar Central Jail Tihar 11/06/2015 KKP/BL160/13.12.2014/175/08.12.2014/18.12.2014 499.00 658.4092 KAI B-579531 1 499.00 English Books
      Non-fiction Central Library Central Library 11/06/2015 KKP/BL160/13.12.2014/175/08.12.2014/18.12.2014 499.00 658.4092 KAI B-579525 1 499.00 English Books
    Not For Loan Non-fiction D.B.Act.Division D.B.Act.Division 26/08/2013 DBAD/PUB 499.00 658.4092 KAI EN-91916 1 499.00 English Books
      Non-fiction Janak Puri Janak Puri 11/06/2015 KKP/BL160/13.12.2014/175/08.12.2014/18.12.2014 499.00 658.4092 KAI B-579532 1 499.00 English Books
      Non-fiction Kasturba Gandhi Marg Kasturba Gandhi Marg 11/06/2015 KKP/BL160/13.12.2014/175/08.12.2014/18.12.2014 499.00 658.4092 KAI B-579528 1 499.00 English Books
      Non-fiction Narela Narela 11/06/2015 KKP/BL160/13.12.2014/175/08.12.2014/18.12.2014 499.00 658.4092 KAI B-579535 1 499.00 English Books
      Non-fiction New Police Line New Police Line 11/06/2015 KKP/BL160/13.12.2014/175/08.12.2014/18.12.2014 499.00 658.4092 KAI B-579526 1 499.00 English Books
      Non-fiction Patel Nagar Patel Nagar 11/06/2015 KKP/BL160/13.12.2014/175/08.12.2014/18.12.2014 499.00 658.4092 KAI B-579527 1 499.00 English Books
      Non-fiction Peshwa Road Peshwa Road 11/06/2015 KKP/BL160/13.12.2014/175/08.12.2014/18.12.2014 499.00 658.4092 KAI B-579529 1 499.00 English Books
      Non-fiction Sarojini Nagar Sarojini Nagar 11/06/2015 KKP/BL160/13.12.2014/175/08.12.2014/18.12.2014 499.00 658.4092 KAI B-579533 1 499.00 English Books
      Non-fiction Shahdara Branch Shahdara Branch 11/06/2015 KKP/BL160/13.12.2014/175/08.12.2014/18.12.2014 499.00 658.4092 KAI B-579537 1 499.00 English Books
      Non-fiction Tri Nagar Tri Nagar 11/06/2015 KKP/BL160/13.12.2014/175/08.12.2014/18.12.2014 499.00 658.4092 KAI B-579530 1 499.00 English Books

© Delhi Public Library
Hit Counter
free hit counter